The steagle /

Saved in:
Bibliographic Details
Main Author: Faust, Irvin
Format: Book
Language:English
Published: New York : Random House, c1966.
LEADER 00706nam a2200205 4500
001 c000052731
003 CARM
005 00000000000000.0
008 850225s1966 nyu 00011 eng d
019 1 |a 3679616  |z 28124857  |5 LACONCORD2021 
035 |a (OCoLC)807535  |5 LACONCORD2021 
040 |a VU  |c VU 
082 1 |a 813.54  |2 19 
100 1 |a Faust, Irvin. 
245 1 4 |a The steagle /  |c Irvin Faust. 
260 |a New York :  |b Random House,  |c c1966. 
300 |a 247 p. ;  |c 21 cm. 
852 8 |b CARM  |h A2:AB13A0  |i B02448  |p 0114946  |f BK 
999 f f |i 51613bac-50da-55d1-b022-466020e37abc  |s de8d15b5-e103-5db1-9b7e-d7c9fe8c3890 
952 f f |p Can circulate  |a CAVAL  |b CAVAL  |c CAVAL  |d CARM 1 Store  |e B02448  |f A2:AB13A0  |h Other scheme  |i book  |m 0114946